Statistics for Biggest Cities in Albania

Click here to take the quiz!

General Stats

  • This quiz has been taken 11 times
  • The average score is 11 of 20

Answer Stats

PopulationCity% Correct
418,495Tirana
100%
113,249Durrês
82%
77,075Shkodêr
82%
36,496Berat
73%
78,703Elbasan
73%
19,836Gjirokaster
73%
79,513Vlorê
73%
55,845Fier
64%
51,152Korçê
64%
17,233Sarandê
64%
16,719Kukês
55%
18,477Fushê-Krujê
45%
15,510Lezhê
45%
31,105Lushnjê
45%
20,848Pogradec
45%
29,192Kavajê
36%
66,841Kamêz
18%
17,086Lakç
9%
15,937Patos
9%
15,966Sukth
9%

Score Distribution

Percentile by Number Answered

Percent of People with Each Score

Your Score History

You have not taken this quiz